| 000 | 00732nam a2200205 i 4500 | ||
|---|---|---|---|
| 001 | 40936 | ||
| 003 | ES-MaACL | ||
| 005 | 20251011063101.0 | ||
| 007 | t| | ||
| 008 | 030307q19101919sp ||||1| spa d | ||
| 100 | 1 |
_aCarreras i Candi, Francesc, _d1862-1937 _935674 |
|
| 245 | 1 | 0 |
_aGeografía general de Cataluña, del Pais Vasco-Navarro y de los Reinos de Valencia y Galicia / _cdirigido por Francesc Carreras i Candi. |
| 260 |
_aBarcelona : _b[s.n., _c191-?] ( _fTip. Atlas Geográfico) |
||
| 300 |
_a16 v. ; _c28 cm. |
||
| 651 | 4 |
_aCataluña- _xGeografía. _98011 |
|
| 651 | 4 |
_aPaís Vasco- _xGeografía. _9160927 |
|
| 651 | 4 |
_aGalicia- _xGeografía. _9157507 |
|
| 852 |
_aES-MaACL _jC-13655-70 |
||
| 999 |
_c40936 _d40936 |
||